Statistics for 1978: NFL Teams with the Least Points

Click here to take the quiz!

General Stats

  • This quiz has been taken 5 times
  • The average score is 8 of 10

Answer Stats

Number of pointsNFL Team% Correct
249Green Bay Packers
100%
219San Francisco 49ers
100%
248St. Louis Cardinals
100%
240Atlanta Falcons
80%
240Baltimore Colts
80%
253Chicago Bears
80%
252Cincinnati Bengals
80%
264New York Giants
80%
241Tampa Bay Buccaneers
80%
243Kansas City Chiefs
60%

Score Distribution

Percentile by Number Answered

Percent of People with Each Score

Your Score History

You have not taken this quiz